=LDR 00000nam 2200000 4500 =001 NUTBA000000000005153 =005 20141022114404.0 =006 =007 =008 =020 ##$$a 978-979-928-62-0 =035 ##$$a 0010-101400000000383 =040 ##$$a NBPDMAT =082 ##$$a 028.5 =090 ##$$a 028.5 $b Kea k =245 ##$$a Keajaiban menara eiffel / $c penulis tim CBM ; penerjemah Deni Hendra Setiawan S.pd =250 ##$$a Cet.1 =260 ##$$a Bandung : $b Karya Kita, $c 2007 =300 ##$$a 88 hlm. : $b ilus. ; $c 17 cm. =500 ##$$a Bibliografi : hlm. 88 =650 ##$$a Bacaan Kanak - Kanak - Menara Eiffel =700 ##$$a Tim CBM =850 ##$$a NBPDMAT